000 00627nam a2200241Ia 4500
003 OSt
005 20221007072709.0
006 a|||||r|||| 00| 0
007 ta
008 221006b |||||||| |||| 00| 0 eng d
024 _a35,247
037 _cTextual
040 _aFLL
_cFLL
_beng
041 _2eng
_aeng
082 _aZ3,6, Q0
100 _aMorris J.H.C
_9690458
245 0 _aConflict of laws (Rev. by David Mcclean )
250 _a7th
260 _aLondon
_bSweet & Maxwell U.S.A
_c2010
300 _alxxiii,598p
_ccm.
942 _hZ3,6, Q0
_cTEXL
_2CC
999 _c1146744
_d1146744